| 000 | 00574cam a2200229ua 4500 | ||
|---|---|---|---|
| 001 | 9763 | ||
| 005 | 20260515114523.0 | ||
| 008 | 160824n ii |||gr||||Z||||||asm | ||
| 020 | _a8123720939 | ||
| 040 | _cMAIN | ||
| 041 | _aasm | ||
| 082 | _a333.92 | ||
| 100 |
_aAthawale, Sunil B., _eAuthor., |
||
| 245 |
_aBotah shakti _cBy Sunil B. Athawale |
||
| 260 |
_aNew Delhi: _bNBT, _c1997. |
||
| 300 | _a57p. | ||
| 653 | _aEconomics of land & energy | ||
| 653 | _aWind energy | ||
| 653 | _aPopular science | ||
| 700 |
_aBaruah, Rajendra Kumar, _eTranslator. |
||
| 942 | _cBK | ||
| 999 |
_c8766 _d8766 |
||